| 000 | 02515cam a2200469 a 4500 | ||
|---|---|---|---|
| 001 | 105595 | ||
| 005 | 20230410105537.0 | ||
| 008 | 021003s2002 ag b 000 0 spa d | ||
| 035 | _a12966703 | ||
| 925 | 0 |
_aacquire _b1 shelf copy _xpolicy default |
|
| 942 |
_2lcc _cbk |
||
| 010 | _a 2002504914 | ||
| 020 | _a9879830067 | ||
| 035 | _a(FU)ANW1666UFB | ||
| 035 | _a(CStRLIN)FLUGANW1666-B | ||
| 040 |
_aU@S _cU@S _dFUG _dDLC |
||
| 041 | 0 |
_aspa _beng |
|
| 042 | _alccopycat | ||
| 043 |
_acl----- _as-bl--- _as-ve--- |
||
| 050 | 1 | 4 |
_aHC125 _b.A512 2002 |
| 082 | 0 | 0 |
_a337.1/8 _221 |
| 245 | 0 | 0 |
_aAmérica Latina : _bel inicio de un nuevo milenio / _cbajo la direcciòn de Georges Couffignal ; introducciòn, Anìbal Y. Jozami ; Olivier Dabéne ... [et al.]. |
| 250 | _a1. ed. | ||
| 260 |
_aTres de Febrero, Argentina : _bIHEAL : _bEDUNTREF, _c2002. |
||
| 300 |
_a262 p. ; _c23 cm. |
||
| 500 | _a"Instituto de Altos Estudios de América Latina (IHEAL), Observatorio de los Cambios en América Latina, Universidad de Paris, III, Francia, y, Núcleo Interdisciplinario de Estudios Internacionales, Universidad Nacional de Tres de Febrero UNTREF, Argentina." | ||
| 546 | _aSummaries in Spanish and English. | ||
| 504 | _aIncludes bibliographic references (p. 253-262) | ||
| 505 | 0 | 0 |
_tMercosur y el Area de Libre Comercio de las Américas (ALCA): hacia la convergencia? / _rOlivier Dabéne -- _tProyecto del Area de Libre Comercio de las Américas, un regionalismo en tres dimensiones / _rChristian Deblock y Dorval Brunelle -- _tIntegraciòn, polìtica y mercados: MERCOSUR y ALCA / _rCarlos J. Moneta -- Integraciòn sociocultural en América Latina: viejos y nuevos problemas / _rMartìn Hopenhayn -- _tDebates sobre dolarizaciòn: el estado de situaciòn / _rPierre Dempere y Carlos Quenan -- _tBrasil: la entrada forzoza en la globalizaciòn / _tFrancois d'Arcy -- _tVenezuela: nacimiento de un nuevo régimen o retorno al populismo de antaño / _rGeorges Couffignal y Daniel van Eeuwen. |
| 651 | 0 |
_aLatin America _xEconomic integration. |
|
| 651 | 0 |
_aLatin America _xForeign economic relations. |
|
| 651 | 0 |
_aBrazil _xEconomic conditions _y1985- |
|
| 651 | 0 |
_aVenezuela _xPolitics and government _y1935- |
|
| 650 | 0 |
_aSocial integration _zLatin America. |
|
| 610 | 2 | 0 | _aMERCOSUR (Organization) |
| 610 | 2 | 0 | _aFree Trade Area of the Americas (Organization) |
| 700 | 1 | _aCouffignal, Georges. | |
| 700 | 1 | _aDabéne, Olivier. | |
| 923 |
_d20020710 _n22923 _sAgBaFGC |
||
| 985 | _eVENDOR LOAD | ||
| 946 | _aJPR | ||
| 999 |
_c38879 _d38879 |
||